000 02246cam a22005054i 4500
003 PE-LiUPU
005 20250731173344.0
008 150706s2008 sp rb 000 0 spa d
020 _a9788474908930
035 _a(Sirsi) i9788474908930
040 _aPE-LiUPU
_bspa
_cPE-LiUPU
_erda
049 _aPRUA
082 0 4 _a227.07
_bH44
_221
100 1 _aHerranz Marco, Mariano,
_d1928- ,
_eautor.
245 1 4 _aSan Pablo en sus cartas /
_cMariano Herranz Marco ; presentación de Benedicto XVI.
250 _a3a edición.
264 1 _aMadrid :
_bEncuentro,
_c[2008].
300 _a358 páginas ;
_c23 centímetros.
336 _atext
_2rdacontent
337 _aunmediated
_2rdamedia
338 _avolume
_2rdacarrier
490 1 _aEnsayos ;
_v336
504 _aIncluye biblilografía seleccionada.
505 0 _aPresentación de San Pablo por Benedicto XVI -- San Pablo, siervo de Jesucristo -- San Pablo, predicador de Jesucristo -- San Pablo misionero -- San Pablo y sus colaboradores -- San Pablo, Fariseo -- San Pablo, apóstol de los gentiles -- San pablo, ¿San Pablo, ¿Un enfermo crónico? -- San Pablo, pastor de almas -- San Pablo y el enigma -- San Pablo y Jesús (I) -- San Pablo y Jesús (II) -- San Pablo, enamorado y casamiento -- San Pablo, predicador de la cruz -- San Pablo, predicador y catequista -- San Pablo, ¿Un escrito difícil.
526 _aSEG42
526 _aSEG41
526 _aSEG40
526 _aSEG39
526 _aP94
526 _aP87
526 _aP86
526 _aP85
526 _aP77
526 _aP76
526 _aP35
541 _g007-0020318;
600 1 _aPablo, Santo
630 _aBiblia.
_pN.T.
_pEpístolas de Pablo
_xComentario.
910 _agl
_bjv
_cng
_d20090916
942 _2ddc
_cBOOK
949 _a227.07 H44
_wDEWEY
_c1
_i60380
_d2016-10-7
_e2016-10-6
_lCCODEBUL1
_mBUL
_n2
_p34.00
_r0
_sY
_tBOOK
_u2015-7-6
_xTEOLOGIA
_zUNKNOWN
_0COMPRA
_o.STAFF. Colección Teología
994 _aC0
_bPEPRU
596 _a1
999 _a227.07 H44
_wDEWEY
_c49835
_i60380
_d49835
_e2016-10-6
_f2021-11-9
_g5
_lCCODEBUL1
_mBUL
_n2
_p34.00
_q3
_r0
_sY
_tBOOK
_u2015-7-6
_xTEOLOGIA
_PP35
_0COMPRA
_o.STAFF. Colección Teología
980 _81
_gALBERTO SANCHEZ Responsable de Automatización